| 000 | 00774nam a2200265 i 4500 | ||
|---|---|---|---|
| 003 | DO-SdBNP | ||
| 005 | 20251208095751.0 | ||
| 007 | ta | ||
| 008 | 250812e2025 dr a|||grc||| 001 0 spa d | ||
| 020 | _a9789945293166 | ||
| 040 |
_aDO-SdBNP _bspa _cBNPHU _erda |
||
| 050 | _aspa | ||
| 082 | 4 |
_axxx _bC731 _222 |
|
| 110 | _956909 | ||
| 245 | 0 | 0 |
_aCombinaciones ocultas en la práctica de las relaciones públicas / _cprólogo Onofre de la Rosa |
| 264 |
_aSanto Domingo : _bImpresión Taller de Textos Maggiolo _c2025 |
||
| 300 |
_a171 páginas ; _c22 cm. |
||
| 336 |
_ardacontent _btexto _2txt |
||
| 337 |
_ardamedia _bsin mediación _2n |
||
| 338 |
_ardacarrier _bvolumen _2nc |
||
| 590 | _aInventariado, 2025 / DG | ||
| 700 | _97737 | ||
| 910 | _aDG | ||
| 942 |
_2ddc _cLBS1 |
||
| 999 |
_c60095 _d60095 |
||